Finančná analýza a medzipodnikové porovnanie vybraného podniku bakalárska práca

Salvato in:
Dettagli Bibliografici
Autore principale: Želinský, Richard
Ente Autore: Podnikovohospodárska fakulta EU so sídlom v Košiciach. Katedra kvantitatívnych metód
Altri autori: Beslerová, Stela
Natura: Libro
Lingua:slovacco
Pubblicazione: Košice 2015
Tags: Aggiungi Tag
Nessun Tag, puoi essere il primo ad aggiungerne!!

MARC

LEADER 00000nbm a2200000 4500
001 0202314
005 20161212094551.0
041 0 |a slo 
044 |a SK 
245 1 0 |a Finančná analýza a medzipodnikové porovnanie vybraného podniku  |b bakalárska práca  |c Richard Želinský ; školiteľ: Stela Beslerová 
264 1 |a Košice  |c 2015 
300 |a 62 s. 
100 1 |a Želinský, Richard 
700 1 |a Beslerová, Stela 
710 2 |a Podnikovohospodárska fakulta EU so sídlom v Košiciach. Katedra kvantitatívnych metód